[Event "XXIX Põlva suveturniir"]
[Site "Põlva"]
[Date "2008.08.15"]
[Round "1"]
[White "Ðvõrjov, Igor"]
[Black "Nassar, Askold"]
[Result "1/2-1/2"]
[WhiteElo "2423"]
[BlackElo "1961"]
[PlyCount "152"]
[EventDate "2008.08.15"]
[EventRounds "7"]
[SourceDate "2008.08.15"]

1. d4 d5 2. Nf3 Nf6 3. c3 c6 4. Bg5 Ne4 5. Bh4 Nd7 6. e3 Ndf6 7. Ne5 Bf5 8. f3
Nd6 9. Nd2 Qb6 10. b4 a5 11. a3 e6 12. g4 Bg6 13. Bg3 Nd7 14. Nxg6 hxg6 15. Nb3
a4 16. Nc5 Qa7 17. Nxd7 Kxd7 18. Bd3 g5 19. e4 b5 20. Qd2 Be7 21. O-O Nc4 22.
Bxc4 bxc4 23. Rae1 Raf8 24. Re2 Qb6 25. Kg2 Qd8 26. Rfe1 Bd6 27. exd5 cxd5 28.
Bxd6 Kxd6 29. Re5 Rh7 30. Rxg5 Rfh8 31. Qf4+ Kc6 32. Rh5 Rxh5 33. gxh5 Qf6 34.
Qxf6 gxf6 35. f4 Rxh5 36. Re3 Rh6 37. h3 Kd6 38. Kf2 Rh5 39. Rf3 Rh7 40. Ke2
Rh5 41. Re3 Rh4 42. Rf3 Rh5 43. Kf2 e5 44. fxe5+ fxe5 45. Rf6+ Ke7 46. dxe5
Rxh3 47. Rf3 Rh2+ 48. Ke3 Ra2 49. Rf6 Rxa3 50. Kd4 Rb3 51. Rd6 Rb1 52. Ra6 Rd1+
53. Kc5 d4 54. Kxc4 dxc3 55. Kxc3 Re1 56. Kd4 Ra1 57. Ra5 a3 58. Kc3 Ke6 59.
Kb3 Re1 60. Kxa3 Rxe5 61. b5 Kd6 62. Ra6+ Kc5 63. Ka4 Re4+ 64. Ka5 f5 65. Rf6
f4 66. Rf5+ Kd4 67. b6 Ke3 68. b7 Re8 69. Ka6 f3 70. Re5+ Rxe5 71. b8=Q Re4 72.
Qb6+ Ke2 73. Qb5+ Kf2 74. Qc5+ Ke2 75. Qc2+ Ke3 76. Qc5+ Ke2 1/2-1/2

[Event "XXIX Põlva suveturniir"]
[Site "Põlva"]
[Date "2008.08.15"]
[Round "1"]
[White "Siidirätsep, Endel"]
[Black "Lauk, Ülar"]
[Result "0-1"]
[WhiteElo "1946"]
[BlackElo "2388"]
[PlyCount "104"]
[EventDate "2008.08.15"]
[EventRounds "7"]
[SourceDate "2008.08.15"]

1. d4 Nf6 2. c4 c5 3. d5 b5 4. e3 bxc4 5. Bxc4 d6 6. Nc3 g6 7. Nf3 Bg7 8. O-O
O-O 9. Re1 Nbd7 10. h3 Nb6 11. Be2 e6 12. dxe6 fxe6 13. e4 Bb7 14. Bg5 h6 15.
Bxf6 Bxf6 16. Qc2 Bxc3 17. bxc3 Qf6 18. Qd2 Qf4 19. Qxf4 Rxf4 20. Bd3 g5 21. a4
Bc6 22. Bc2 Kf7 23. Nd2 Ke7 24. f3 Rb8 25. Rab1 Rff8 26. a5 Nd7 27. Kf2 Ne5 28.
Ke3 Bb5 29. Rb2 Ba6 30. Reb1 Rxb2 31. Rxb2 Kd7 32. Rb1 d5 33. Ba4+ Kd6 34. Bb5
Bxb5 35. Rxb5 Kc6 36. Rb1 Nd7 37. g3 Ne5 38. Rb3 c4 39. Rb1 Nd3 40. exd5+ exd5
41. Nf1 Re8+ 42. Kd2 Ne5 43. f4 gxf4 44. gxf4 Nf3+ 45. Kd1 d4 46. cxd4 Kd5 47.
Ng3 Re1+ 48. Kc2 Nxd4+ 49. Kb2 Re3 50. Rg1 c3+ 51. Kb1 c2+ 52. Ka2 Rxg3 0-1

[Event "XXIX Põlva suveturniir"]
[Site "Põlva"]
[Date "2008.08.15"]
[Round "1"]
[White "Vorobjov, Pavel"]
[Black "Kass, Viktor"]
[Result "1-0"]
[WhiteElo "2257"]
[BlackElo "1911"]
[PlyCount "102"]
[EventDate "2008.08.15"]
[EventRounds "7"]
[SourceDate "2008.08.15"]

1. Nf3 Nf6 2. b4 e6 3. a3 a5 4. b5 c6 5. e3 d5 6. Bb2 cxb5 7. Bxb5+ Bd7 8. c4
dxc4 9. Bxc4 b5 10. Be2 b4 11. O-O Nc6 12. d3 Be7 13. axb4 axb4 14. Nbd2 O-O
15. Qc2 Qb6 16. Nc4 Qb7 17. Nfd2 Rxa1 18. Rxa1 Ra8 19. Rxa8+ Qxa8 20. Bf3 Qa7
21. h3 Nd5 22. Ne4 Qb8 23. Ncd2 Qb6 24. Nb3 Na5 25. Nec5 Be8 26. Bd4 Nxb3 27.
Nxb3 Qb8 28. Qb2 Nf6 29. Nd2 Qb5 30. Nc4 Kf8 31. Be5 Bc6 32. Be2 Qd5 33. e4 Qd8
34. Bd4 Qb8 35. Ne5 Be8 36. Ng4 Qd8 37. Ne3 Bb5 38. Bf1 Qa5 39. Nc4 Bxc4 40.
dxc4 Nxe4 41. Bxg7+ Ke8 42. Bd3 f5 43. Bh6 Bf6 44. Qe2 Qa1+ 45. Kh2 Qe5+ 46. g3
Qd4 47. Be3 Qc3 48. c5 Kd7 49. Bb5+ Kc7 50. Qh5 Qe1 51. Qf7+ Kc8 1-0

[Event "XXIX Põlva suveturniir"]
[Site "Põlva"]
[Date "2008.08.15"]
[Round "1"]
[White "Raidla, Johannes"]
[Black "Reiman, Arvo"]
[Result "0-1"]
[WhiteElo "1872"]
[BlackElo "2196"]
[PlyCount "80"]
[EventDate "2008.08.15"]
[EventRounds "7"]
[SourceDate "2008.08.15"]

1. e4 c5 2. f4 d5 3. exd5 Qxd5 4. Nc3 Qd8 5. Nf3 Nc6 6. Bb5 Bd7 7. O-O Nf6 8.
a4 e6 9. Qe1 Be7 10. Ne2 O-O 11. c3 a6 12. Bxc6 Bxc6 13. Ne5 Bd5 14. d4 cxd4
15. Nxd4 Rc8 16. Be3 g6 17. g4 Qc7 18. Rc1 Bc4 19. Rf3 Nd5 20. b3 Nxe3 21. Rxe3
Bd5 22. g5 Bc5 23. Rd1 f6 24. gxf6 Rxf6 25. Qh4 Rcf8 26. Rf1 Bxd4 27. cxd4 Rxf4
28. Rxf4 Qc1+ 29. Re1 Qxf4 30. Qxf4 Rxf4 31. Nd7 Bxb3 32. Nc5 Bd5 33. Rd1 Kg7
34. h3 h5 35. a5 g5 36. Rd3 Kg6 37. Rd2 Rf3 38. Re2 Rxh3 39. Nxe6 Rh1+ 40. Kf2
Rh2+ 0-1

[Event "XXIX Põlva suveturniir"]
[Site "Põlva"]
[Date "2008.08.15"]
[Round "1"]
[White "Kunitsõn, Nikolai"]
[Black "Popman, Genadi"]
[Result "1-0"]
[WhiteElo "2187"]
[BlackElo "1835"]
[PlyCount "35"]
[EventDate "2008.08.15"]
[EventRounds "7"]
[SourceDate "2008.08.15"]

1. e4 c5 2. Nf3 d6 3. d4 cxd4 4. Nxd4 Nf6 5. Nc3 a6 6. Bg5 e6 7. f4 Qb6 8. Qd2
Qxb2 9. Rb1 Qa3 10. e5 dxe5 11. fxe5 Ng4 12. Be2 Nxe5 13. Nxe6 Qd6 14. Nxg7+
Kd7 15. Qe3 Bxg7 16. Rd1 Qxd1+ 17. Bxd1 f6 18. Qd4+ 1-0

[Event "XXIX Põlva suveturniir"]
[Site "Põlva"]
[Date "2008.08.15"]
[Round "1"]
[White "Komlev, Heino"]
[Black "Teelem, Lauri"]
[Result "0-1"]
[WhiteElo "1792"]
[BlackElo "2140"]
[PlyCount "52"]
[EventDate "2008.08.15"]
[EventRounds "7"]
[SourceDate "2008.08.15"]

1. d4 Nf6 2. c4 g6 3. Nc3 Bg7 4. e4 d6 5. Nf3 O-O 6. Be2 e5 7. Be3 Ng4 8. h3
Nxe3 9. fxe3 Nc6 10. d5 Ne7 11. Qd2 Bd7 12. g4 a6 13. g5 Qb8 14. b4 c6 15. Rb1
cxd5 16. Nxd5 Nxd5 17. cxd5 Qd8 18. a4 Rc8 19. Rc1 Rxc1+ 20. Qxc1 Qb6 21. Qd2
Rc8 22. O-O Qc7 23. Rd1 Bf8 24. Ne1 Be7 25. Nd3 Qc2 26. Ne1 Qxe4 0-1

[Event "XXIX Põlva suveturniir"]
[Site "Põlva"]
[Date "2008.08.15"]
[Round "1"]
[White "Sarapik, Kristjan"]
[Black "Turu, Indrek"]
[Result "1-0"]
[WhiteElo "2135"]
[BlackElo "1790"]
[PlyCount "57"]
[EventDate "2008.08.15"]
[EventRounds "7"]
[SourceDate "2008.08.15"]

1. d4 d5 2. c4 c6 3. Nf3 Nf6 4. Nc3 e6 5. e3 Bd6 6. Bd3 Nbd7 7. O-O O-O 8. Re1
Re8 9. e4 dxe4 10. Nxe4 Nxe4 11. Bxe4 Nf8 12. Bg5 Qc7 13. Qb3 h6 14. Bh4 c5 15.
Rad1 Bd7 16. dxc5 Bxc5 17. Bg3 Qa5 18. Qxb7 Qa4 19. b3 Qxa2 20. Rxd7 Nxd7 21.
Qxd7 Rad8 22. Qa4 Qb2 23. h4 Re7 24. Qa5 Bb6 25. Qb4 Red7 26. c5 Rd4 27. Nxd4
Rxd4 28. cxb6 Rxb4 29. bxa7 1-0

[Event "XXIX Põlva suveturniir"]
[Site "Põlva"]
[Date "2008.08.15"]
[Round "1"]
[White "Tobre, Andres"]
[Black "Sander, Kristjan"]
[Result "0-1"]
[WhiteElo "1717"]
[BlackElo "2094"]
[PlyCount "40"]
[EventDate "2008.08.15"]
[EventRounds "7"]
[SourceDate "2008.08.15"]

1. e4 e5 2. f4 Bc5 3. Nf3 d6 4. c3 Nc6 5. Bb5 Bd7 6. fxe5 dxe5 7. d4 exd4 8.
cxd4 Bb6 9. h3 Nxd4 10. Bc4 Qf6 11. Bxf7+ Kxf7 12. Rf1 Ke8 13. Bg5 Nxf3+ 14.
Qxf3 Qxf3 15. Rxf3 Nf6 16. Nc3 Rf8 17. Ke2 h6 18. Bxf6 Rxf6 19. Raf1 Rxf3 20.
Rxf3 Be6 0-1

[Event "XXIX Põlva suveturniir"]
[Site "Põlva"]
[Date "2008.08.15"]
[Round "1"]
[White "Kool, Lauri"]
[Black "Karassev, Vladislav"]
[Result "0-1"]
[WhiteElo "2091"]
[BlackElo "1543"]
[PlyCount "66"]
[EventDate "2008.08.15"]
[EventRounds "7"]
[SourceDate "2008.08.15"]

1. e3 c5 2. Nf3 d6 3. b3 Nf6 4. Bb2 Nc6 5. Be2 g6 6. O-O Bg7 7. d4 cxd4 8. exd4
O-O 9. c4 d5 10. Nc3 b6 11. Ne5 Bb7 12. Bf3 e6 13. Nxc6 Bxc6 14. Rc1 Rc8 15.
Ne2 Qd6 16. c5 bxc5 17. Rxc5 Ba8 18. Qc2 Rc6 19. Ba3 Rfc8 20. Rc1 Nd7 21. Rxc6
Qxc6 22. Qd2 Qa6 23. Rxc8+ Qxc8 24. Qa5 a6 25. h4 Bc6 26. Bd6 Bf6 27. g3 Bd8
28. Qd2 Bb6 29. a4 Qb7 30. Qf4 Ba7 31. Nc1 Qb6 32. Qg5 Qxd4 33. Qd8+ Kg7 0-1

[Event "XXIX Põlva suveturniir"]
[Site "Põlva"]
[Date "2008.08.15"]
[Round "1"]
[White "Ojar, Richard"]
[Black "Ots, Heikki"]
[Result "0-1"]
[WhiteElo "1205"]
[BlackElo "1962"]
[PlyCount "54"]
[EventDate "2008.08.15"]
[EventRounds "7"]
[SourceDate "2008.08.15"]

1. e4 e6 2. Nc3 d5 3. d4 dxe4 4. Nxe4 Nf6 5. Bg5 Be7 6. c3 Nxe4 7. Bxe7 Qxe7 8.
Bd3 Nf6 9. Nf3 b6 10. O-O Bb7 11. a4 a5 12. Re1 Nbd7 13. Qc1 Bxf3 14. gxf3 O-O
15. Qg5 Nd5 16. Qxe7 Nxe7 17. Bb5 c6 18. Bc4 Nd5 19. b3 Nxc3 20. Rac1 Nd5 21.
Kh1 N7f6 22. Re5 Rad8 23. Rg1 Nb4 24. Reg5 g6 25. Rd1 Nc2 26. Bf1 Nxd4 27. b4
Nxf3 0-1

[Event "XXIX Põlva suveturniir"]
[Site "Põlva"]
[Date "2008.08.15"]
[Round "2"]
[White "Lauk, Ülar"]
[Black "Teelem, Lauri"]
[Result "1-0"]
[WhiteElo "2388"]
[BlackElo "2140"]
[PlyCount "83"]
[EventDate "2008.08.15"]
[EventRounds "7"]
[SourceDate "2008.08.15"]

1. e4 c5 2. Nf3 Nc6 3. d4 cxd4 4. Nxd4 Nf6 5. Nc3 e5 6. Ndb5 d6 7. Bg5 a6 8.
Na3 b5 9. Bxf6 gxf6 10. Nd5 Bg7 11. c3 f5 12. Bd3 Ne7 13. Nxe7 Qxe7 14. O-O O-O
15. exf5 d5 16. Nc2 Rd8 17. Re1 Qg5 18. a4 e4 19. Bf1 bxa4 20. Rxa4 Be5 21. Nd4
Rd6 22. Nf3 Qxf5 23. Nxe5 Qxe5 24. Rd4 Bf5 25. Qd2 Rad8 26. Ra1 Bc8 27. g3 Bb7
28. Bg2 f5 29. Rd1 Kf8 30. b4 Ke7 31. Qg5+ Qf6 32. Qf4 Rc8 33. Qd2 Rb6 34. f3
a5 35. bxa5 Rb3 36. fxe4 fxe4 37. c4 Rxc4 38. Rxc4 dxc4 39. Qd7+ Kf8 40. Rf1
Rf3 41. Bxf3 exf3 42. Qxb7 1-0

[Event "XXIX Põlva suveturniir"]
[Site "Põlva"]
[Date "2008.08.15"]
[Round "2"]
[White "Sander, Kristjan"]
[Black "Vorobjov, Pavel"]
[Result "0-1"]
[WhiteElo "2094"]
[BlackElo "2257"]
[PlyCount "84"]
[EventDate "2008.08.15"]
[EventRounds "7"]
[SourceDate "2008.08.15"]

1. e4 c5 2. Nc3 Nc6 3. g3 g6 4. Bg2 Bg7 5. f4 e6 6. Nf3 Nge7 7. O-O O-O 8. d3
d6 9. g4 f5 10. h3 d5 11. gxf5 gxf5 12. e5 d4 13. Ne2 b6 14. Ng3 Qe8 15. Nh4
Ng6 16. Nxg6 hxg6 17. h4 Bb7 18. Kf2 Rb8 19. Rg1 Qe7 20. Rh1 Bh6 21. Qe2 Kh8
22. a3 b5 23. Bd2 Rg8 24. Rag1 Rbd8 25. Nf1 Rd7 26. Rh3 Qd8 27. Nh2 c4 28. Nf3
c3 29. bxc3 dxc3 30. Be3 Rh7 31. Rgh1 Ne7 32. Ng5 Bxg2 33. Kxg2 Bxg5 34. hxg5
Rgg7 35. Qf3 a5 36. Qb7 Qd5+ 37. Qxd5 Nxd5 38. Kf3 Rxh3+ 39. Rxh3+ Rh7 40.
Rxh7+ Kxh7 41. Bc5 a4 42. Be3 b4 0-1

[Event "XXIX Põlva suveturniir"]
[Site "Põlva"]
[Date "2008.08.15"]
[Round "2"]
[White "Reiman, Arvo"]
[Black "Sarapik, Kristjan"]
[Result "1/2-1/2"]
[WhiteElo "2196"]
[BlackElo "2135"]
[PlyCount "117"]
[EventDate "2008.08.15"]
[EventRounds "7"]
[SourceDate "2008.08.15"]

1. e4 e5 2. Nf3 Nc6 3. Bb5 a6 4. Ba4 Nf6 5. O-O Be7 6. Re1 b5 7. Bb3 d6 8. c3
O-O 9. d4 Bg4 10. d5 Na5 11. Bc2 c6 12. dxc6 Qc7 13. Nbd2 Qxc6 14. h3 Bc8 15.
Nf1 Re8 16. a4 Bb7 17. axb5 axb5 18. Ng3 g6 19. Bg5 Nc4 20. Rxa8 Rxa8 21. Nh4
Qd7 22. b3 Na3 23. Bd3 Ne8 24. Qd2 Ng7 25. Nf3 Ne6 26. Be3 Qc7 27. h4 Nf4 28.
Bf1 Bf6 29. Rc1 d5 30. exd5 Nxd5 31. Ne4 Bg7 32. Bh6 Nf4 33. Bxg7 Kxg7 34. Qd6
Qxd6 35. Nxd6 Bxf3 36. gxf3 Rd8 37. Nxb5 Nxb5 38. Bxb5 Rb8 39. Bc4 Kh6 40. Kf1
Kh5 41. b4 Kxh4 42. Bxf7 h5 43. Re1 Kg5 44. Rxe5+ Kf6 45. Re8 Rb6 46. Bc4 h4
47. Kg1 Rd6 48. Re4 Rd1+ 49. Kh2 g5 50. b5 Rd2 51. Bf1 Rxf2+ 52. Kg1 Rb2 53. c4
h3 54. Rxf4+ gxf4 55. Bxh3 Ke5 56. Bd7 Kd4 57. Be6 Kc5 58. Bd5 Re2 59. Kf1
1/2-1/2

[Event "XXIX Põlva suveturniir"]
[Site "Põlva"]
[Date "2008.08.15"]
[Round "2"]
[White "Ots, Heikki"]
[Black "Kunitsõn, Nikolai"]
[Result "0-1"]
[WhiteElo "1962"]
[BlackElo "2187"]
[PlyCount "70"]
[EventDate "2008.08.15"]
[EventRounds "7"]
[SourceDate "2008.08.15"]

1. e4 e6 2. d4 d5 3. Bd3 dxe4 4. Bxe4 Nf6 5. Bg5 c5 6. Nf3 cxd4 7. Bxf6 Qxf6 8.
Qxd4 Nd7 9. Qxf6 Nxf6 10. Nbd2 Nxe4 11. Nxe4 b6 12. O-O-O Bb7 13. Rhe1 Rd8 14.
Rxd8+ Kxd8 15. Nfg5 Ke7 16. Rd1 f6 17. Nd6 Ba6 18. Ngf7 Rg8 19. c4 g6 20. a3
Bg7 21. b3 e5 22. f3 Ke6 23. g4 Rb8 24. a4 Bf8 25. Kc2 Be7 26. h4 h5 27. Rd5
Rf8 28. g5 Bxd6 29. Nxd6 fxg5 30. Ne4 gxh4 31. Rd6+ Kf5 32. Rd7 h3 33. Nf2 h2
34. Rxa7 Kf4 35. Nh1 Kxf3 0-1

[Event "XXIX Põlva suveturniir"]
[Site "Põlva"]
[Date "2008.08.15"]
[Round "2"]
[White "Karassev, Vladislav"]
[Black "Ðvõrjov, Igor"]
[Result "0-1"]
[WhiteElo "1543"]
[BlackElo "2423"]
[PlyCount "42"]
[EventDate "2008.08.15"]
[EventRounds "7"]
[SourceDate "2008.08.15"]

1. e4 g6 2. d4 Bg7 3. Nf3 d6 4. Nc3 c6 5. Bc4 b5 6. Bb3 b4 7. Ne2 Nf6 8. Ng3
Ba6 9. c4 bxc3 10. bxc3 O-O 11. c4 c5 12. Bb2 cxd4 13. Bxd4 Nc6 14. Bc3 Na5 15.
Nd2 Rc8 16. Bxa5 Qxa5 17. Rc1 Bh6 18. Rc2 Rc5 19. Ngf1 Nxe4 20. Qe2 Nxd2 21.
Nxd2 Re5 0-1

[Event "XXIX Põlva suveturniir"]
[Site "Põlva"]
[Date "2008.08.15"]
[Round "2"]
[White "Nassar, Askold"]
[Black "Kool, Lauri"]
[Result "1/2-1/2"]
[WhiteElo "1961"]
[BlackElo "2091"]
[PlyCount "21"]
[EventDate "2008.08.15"]
[EventRounds "7"]
[SourceDate "2008.08.15"]

1. d4 Nf6 2. c4 e6 3. Nc3 d5 4. Nf3 Bb4 5. Bg5 h6 6. Bxf6 Qxf6 7. cxd5 exd5 8.
Qb3 Bxc3+ 9. bxc3 c6 10. Ne5 O-O 11. e3 1/2-1/2

[Event "XXIX Põlva suveturniir"]
[Site "Põlva"]
[Date "2008.08.15"]
[Round "2"]
[White "Komlev, Heino"]
[Black "Siidirätsep, Endel"]
[Result "0-1"]
[WhiteElo "1792"]
[BlackElo "1946"]
[PlyCount "92"]
[EventDate "2008.08.15"]
[EventRounds "7"]
[SourceDate "2008.08.15"]

1. d4 d5 2. Bf4 e6 3. Nf3 Nd7 4. e3 c5 5. c4 Ngf6 6. Nc3 Be7 7. Qc1 Qa5 8. Bd3
dxc4 9. Bxc4 a6 10. O-O b5 11. Bd3 Bb7 12. Nd2 Rc8 13. Qb1 Qb6 14. Be5 O-O 15.
f3 Rfd8 16. Kh1 Nf8 17. Nde4 Nxe4 18. Bxe4 f6 19. Bxb7 Qxb7 20. Bg3 cxd4 21.
exd4 Rxd4 22. Ne4 Qc6 23. a3 Rc4 24. Nc3 Rd8 25. Be1 e5 26. Qa2 Kh8 27. Ne4 Ne6
28. Ba5 Rd7 29. h3 h6 30. Nc3 Nd4 31. Rae1 Nf5 32. Kh2 Bd6 33. Ne4 Bb8 34. b3
Rc2 35. Qb1 Nd4 36. Rc1 Nxf3+ 37. Kh1 Nd4 38. Rxc2 Qxc2 39. Qc1 Ba7 40. Bd2
Qxc1 41. Rxc1 Nxb3 42. Rc8+ Kh7 43. Bc3 f5 44. Nd2 Nxd2 45. Bxe5 Nc4 46. Bb8
Nxa3 0-1

[Event "XXIX Põlva suveturniir"]
[Site "Põlva"]
[Date "2008.08.15"]
[Round "2"]
[White "Kass, Viktor"]
[Black "Tobre, Andres"]
[Result "1-0"]
[WhiteElo "1911"]
[BlackElo "1717"]
[PlyCount "67"]
[EventDate "2008.08.15"]
[EventRounds "7"]
[SourceDate "2008.08.15"]

1. e4 e5 2. f4 exf4 3. Nf3 d5 4. e5 g5 5. d4 g4 6. Ng1 Qh4+ 7. Ke2 Bh6 8. Nc3
c6 9. Qd3 Ne7 10. g3 fxg3 11. Bxh6 Qxh6 12. Qxg3 f5 13. exf6 Qxf6 14. Qe5 Qxe5+
15. dxe5 Nf5 16. Re1 Be6 17. Kd2 Nd7 18. Bd3 Nd4 19. Nd1 Nf3+ 20. Nxf3 gxf3 21.
Nf2 O-O-O 22. Rhg1 Rhg8 23. Bxh7 Rxg1 24. Rxg1 Nxe5 25. b3 Re8 26. Rg7 Bf7 27.
h4 Kd8 28. Bf5 Rh8 29. Ng4 Nxg4 30. Rxg4 Bh5 31. Rg5 f2 32. Bd3 Re8 33. Rxh5
Re1 34. Rf5 1-0

[Event "XXIX Põlva suveturniir"]
[Site "Põlva"]
[Date "2008.08.15"]
[Round "2"]
[White "Turu, Indrek"]
[Black "Raidla, Johannes"]
[Result "1-0"]
[WhiteElo "1790"]
[BlackElo "1872"]
[PlyCount "82"]
[EventDate "2008.08.15"]
[EventRounds "7"]
[SourceDate "2008.08.15"]

1. e4 Nc6 2. d4 d5 3. e5 Bf5 4. c3 h5 5. Nf3 h4 6. Qb3 Na5 7. Qa4+ c6 8. Nbd2
b5 9. Qd1 h3 10. a4 a6 11. gxh3 f6 12. Nb3 Nc4 13. Bd3 Qc8 14. Qc2 Bxh3 15.
Bg6+ Kd8 16. Rg1 Nh6 17. Bf4 Bf5 18. Bxf5 Qxf5 19. Qxf5 Nxf5 20. axb5 Nxb2 21.
Rxa6 Rc8 22. Bc1 Nd3+ 23. Ke2 Nxc1+ 24. Rxc1 cxb5 25. Rb6 Nh4 26. Rxb5 Nxf3 27.
Rxd5+ Ke8 28. Kxf3 Rh3+ 29. Kg2 Rcxc3 30. Rxc3 Rxc3 31. Nc5 fxe5 32. dxe5 Kf7
33. e6+ Kg8 34. Nd7 Rc8 35. Rf5 g6 36. Rf7 Re8 37. Ne5 g5 38. Ng6 Bg7 39. Rxe7
Rxe7 40. Nxe7+ Kf8 41. Ng6+ Ke8 1-0

[Event "XXIX Põlva suveturniir"]
[Site "Põlva"]
[Date "2008.08.15"]
[Round "2"]
[White "Popman, Genadi"]
[Black "Ojar, Richard"]
[Result "1-0"]
[WhiteElo "1835"]
[BlackElo "1205"]
[PlyCount "71"]
[EventDate "2008.08.15"]
[EventRounds "7"]
[SourceDate "2008.08.15"]

1. Nf3 Nc6 2. d4 d5 3. c4 Nf6 4. e3 Bg4 5. Be2 e6 6. a3 b6 7. b4 a6 8. Nbd2 Bd6
9. c5 bxc5 10. bxc5 Be7 11. Qa4 Qd7 12. Bxa6 Bxf3 13. gxf3 O-O 14. Qb5 Rfb8 15.
Bb7 Rxb7 16. Qxb7 Rb8 17. Qa6 h6 18. Rb1 Qe8 19. Qd3 e5 20. Rxb8 Qxb8 21. Qb3
Qc8 22. Bb2 Qd8 23. dxe5 Nd7 24. Qxd5 Na7 25. c6 Nc5 26. Qxd8+ Bxd8 27. O-O Be7
28. Bd4 Nb5 29. Bxc5 Bxc5 30. a4 Nc3 31. a5 Nd5 32. Nc4 Ne7 33. Rd1 Ng6 34.
Rd8+ Kh7 35. Rd7 Nh4 36. Rxf7 1-0

[Event "XXIX Põlva suveturniir"]
[Site "Põlva"]
[Date "2008.08.16"]
[Round "3"]
[White "Kunitsõn, Nikolai"]
[Black "Reiman, Arvo"]
[Result "0-1"]
[WhiteElo "2187"]
[BlackElo "2196"]
[PlyCount "78"]
[EventDate "2008.08.15"]
[EventRounds "7"]
[SourceDate "2008.08.15"]

1. e4 e5 2. Nf3 Nc6 3. d4 exd4 4. Nxd4 Bc5 5. Be3 Qf6 6. c3 Nge7 7. Qd2 O-O 8.
Nb5 Bxe3 9. Qxe3 Qe5 10. Nd2 a6 11. Nf3 Qf6 12. Nxc7 Rb8 13. Rd1 b5 14. Qg5
Qxg5 15. Nxg5 f5 16. Nd5 h6 17. Nxe7+ Nxe7 18. Nf3 fxe4 19. Nd4 Rb6 20. Be2 Rg6
21. g3 d5 22. f4 Bh3 23. Nc2 Rd6 24. Kd2 g5 25. fxg5 hxg5 26. Nd4 Rf2 27. Ke3
Rdf6 28. Rd2 Rg2 29. Bd1 Rxd2 30. Kxd2 Kg7 31. Ke3 Nf5+ 32. Nxf5+ Rxf5 33. Be2
Bg2 34. Ra1 Bf3 35. Bf1 g4 36. a4 bxa4 37. Rxa4 Bd1 38. Rxa6 Rxf1 39. Ra1 Rf3+
0-1

[Event "XXIX Põlva suveturniir"]
[Site "Põlva"]
[Date "2008.08.16"]
[Round "3"]
[White "Ðvõrjov, Igor"]
[Black "Sarapik, Kristjan"]
[Result "1-0"]
[WhiteElo "2423"]
[BlackElo "2135"]
[PlyCount "103"]
[EventDate "2008.08.15"]
[EventRounds "7"]
[SourceDate "2008.08.15"]

1. Nf3 Nf6 2. g3 b6 3. Bg2 Bb7 4. c4 e6 5. b3 Be7 6. Bb2 O-O 7. O-O d6 8. d4
Nbd7 9. Nc3 Ne4 10. Nxe4 Bxe4 11. Re1 c5 12. Qd2 Rc8 13. dxc5 bxc5 14. Nh4 Bxg2
15. Nxg2 Bf6 16. Bxf6 Nxf6 17. e4 Rc6 18. Rad1 Qc7 19. f3 h6 20. Re3 Nd7 21.
Ne1 Nb6 22. Rd3 Nc8 23. Nc2 Ra6 24. Ne3 Qa5 25. Qxa5 Rxa5 26. R1d2 Re8 27. Nd1
Kf8 28. Nc3 Ke7 29. f4 Ra6 30. e5 f6 31. Nb5 Rd8 32. Kg2 Rb6 33. exd6+ Nxd6 34.
Nxa7 Ra8 35. Nb5 Nxb5 36. Rd7+ Kf8 37. cxb5 Rxb5 38. Rc7 Rba5 39. a4 R5a7 40.
Rxc5 Rb8 41. Rd3 Kf7 42. Kf3 Rab7 43. Rcc3 Rb4 44. Ke2 g5 45. Rf3 gxf4 46. gxf4
Rg8 47. Rg3 Rd8 48. Rc7+ Kf8 49. a5 Ra8 50. Rd3 Ke8 51. Rdd7 Rxb3 52. Rh7 1-0

[Event "XXIX Põlva suveturniir"]
[Site "Põlva"]
[Date "2008.08.16"]
[Round "3"]
[White "Teelem, Lauri"]
[Black "Kass, Viktor"]
[Result "1-0"]
[WhiteElo "2140"]
[BlackElo "1911"]
[PlyCount "89"]
[EventDate "2008.08.15"]
[EventRounds "7"]
[SourceDate "2008.08.15"]

1. d4 e6 2. c4 d5 3. Nc3 Nf6 4. Nf3 Nc6 5. Bg5 Be7 6. e3 a6 7. Rc1 dxc4 8. Bxc4
b5 9. Nxb5 axb5 10. Bxb5 O-O 11. Bxc6 Rxa2 12. Qb3 Ra6 13. O-O Rb6 14. Qc2 Bb7
15. Ne5 h6 16. Bh4 g5 17. Bg3 Bd6 18. Bxb7 Rxb7 19. Qe2 Qb8 20. Qf3 Kg7 21. b4
Rb6 22. Rc4 Qa7 23. h4 Qa3 24. hxg5 hxg5 25. Ng4 Nxg4 26. Qxg4 Kg6 27. Bf4 Rb5
28. Rc5 Rxc5 29. bxc5 Be7 30. Bxc7 f5 31. Qf3 g4 32. Qc6 Kf7 33. Be5 Re8 34.
Qb7 Qc3 35. Rb1 Qc2 36. Bd6 Kf6 37. Bxe7+ Rxe7 38. Qb2 Qc4 39. d5+ e5 40. d6
Rh7 41. Qb6 Kg5 42. Qd8+ Kh5 43. Qe8+ Kh6 44. d7 Qd3 45. Rb6+ 1-0

[Event "XXIX Põlva suveturniir"]
[Site "Põlva"]
[Date "2008.08.16"]
[Round "3"]
[White "Siidirätsep, Endel"]
[Black "Sander, Kristjan"]
[Result "1/2-1/2"]
[WhiteElo "1946"]
[BlackElo "2094"]
[PlyCount "48"]
[EventDate "2008.08.15"]
[EventRounds "7"]
[SourceDate "2008.08.15"]

1. d4 Nf6 2. c4 e6 3. Nc3 c5 4. d5 exd5 5. cxd5 d6 6. e4 g6 7. Bg5 Bg7 8. Qd2
O-O 9. O-O-O Qa5 10. Kb1 Bd7 11. Bd3 Qc7 12. f3 c4 13. Bc2 b5 14. h4 h5 15. Bh6
Na6 16. Nh3 Nc5 17. Rhg1 b4 18. Ne2 a5 19. Bxg7 Kxg7 20. Rc1 Na4 21. Bxa4 Bxa4
22. Nf2 Qc5 23. Qd4 Rac8 24. Qxc5 Rxc5 1/2-1/2

[Event "XXIX Põlva suveturniir"]
[Site "Põlva"]
[Date "2008.08.16"]
[Round "3"]
[White "Popman, Genadi"]
[Black "Ots, Heikki"]
[Result "1/2-1/2"]
[WhiteElo "1835"]
[BlackElo "1962"]
[PlyCount "182"]
[EventDate "2008.08.15"]
[EventRounds "7"]
[SourceDate "2008.08.15"]

1. Nf3 d5 2. c4 d4 3. b4 a5 4. Qa4+ Bd7 5. b5 c5 6. g3 f6 7. Bg2 Qc8 8. h4 Na6
9. a3 Nc7 10. d3 e5 11. Nbd2 Ra7 12. Nf1 b6 13. Qc2 Ne6 14. a4 Bd6 15. e4 Ne7
16. Bd2 O-O 17. O-O-O Nc7 18. Re1 Be6 19. h5 Ne8 20. Nh4 Bg4 21. h6 g5 22. f3
Be6 23. Nf5 Nxf5 24. exf5 Bxf5 25. g4 Bg6 26. Ng3 Nc7 27. Ne4 Bxe4 28. dxe4 Ne6
29. Kb2 Rd7 30. Qd3 Rfd8 31. Bf1 Re8 32. Rh2 Qd8 33. Be2 Qe7 34. Reh1 Qf7 35.
Bd1 Kh8 36. Bb3 Rg8 37. Re2 Rg6 38. Reh2 Bf8 39. Kc2 Qe8 40. Kb2 Nd8 41. Rh5
Nf7 42. Bd1 Qe6 43. Bb3 Rxh6 44. Rxh6 Nxh6 45. Bc2 Ng8 46. Kb3 Ne7 47. Rh2 Ng6
48. Rh5 Rd6 49. Kb2 Rd7 50. Kb3 Rg7 51. Kb2 Qd7 52. Bd1 Ne7 53. Rh1 Rg6 54. Bc2
Rh6 55. Rxh6 Bxh6 56. Qe2 Qe8 57. Qh2 Qg6 58. Bd3 Bf8 59. Kc2 Nc8 60. Kd1 Nd6
61. Kc2 Nb7 62. Kd1 Nd8 63. Kc2 Ne6 64. Kd1 Kg8 65. Kc2 Ng7 66. Be2 h5 67. Bd3
hxg4 68. fxg4 Ne6 69. Qg2 Qh7 70. Kb3 Kf7 71. Kc2 Bd6 72. Kd1 Qh4 73. Be1 Nf4
74. Bxh4 Nxg2 75. Bf2 Nf4 76. Kd2 Kg6 77. Be1 Ng2 78. Bf2 Bf8 79. Ke2 Nf4+ 80.
Kd2 Nh3 81. Be1 Bh6 82. Ke2 Nf4+ 83. Kd2 Ng2 84. Bf2 Nh4 85. Ke2 Ng2 86. Kd2
Nf4 87. Be1 Kf7 88. Kc2 Ke6 89. Kd2 Ng2 90. Bf2 Nh4 91. Ke2 Kd6 1/2-1/2

[Event "XXIX Põlva suveturniir"]
[Site "Põlva"]
[Date "2008.08.16"]
[Round "3"]
[White "Karassev, Vladislav"]
[Black "Nassar, Askold"]
[Result "0-1"]
[WhiteElo "1543"]
[BlackElo "1961"]
[PlyCount "64"]
[EventDate "2008.08.15"]
[EventRounds "7"]
[SourceDate "2008.08.15"]

1. e4 d5 2. exd5 Nf6 3. Nf3 Nxd5 4. d4 Bg4 5. c4 Nb6 6. Be3 e5 7. Nbd2 Bb4 8.
dxe5 Nc6 9. h3 Bxf3 10. Qxf3 O-O 11. Qg3 Nxe5 12. c5 Na4 13. b3 Nxc5 14. Qxe5
Bxd2+ 15. Ke2 Bxe3 16. fxe3 Ne6 17. Rd1 Qe7 18. g3 Qa3 19. Rd2 Rad8 20. Qc3
Rxd2+ 21. Qxd2 Rd8 22. Qc2 Qa6+ 23. Kf2 Qa5 24. Bd3 h6 25. Rd1 Kh8 26. a4 Qh5
27. h4 Qe5 28. b4 g5 29. h5 g4 30. Rh1 Qf6+ 31. Kg2 Qf3+ 32. Kh2 Rxd3 0-1